000 01008nam a2200217Ia 4500
001 262-TIL je ég (16237)
003 IT-MiSPE
008 171229s9999||||xx |||||||||||||| ||und||
040 _aIT-MiSPE
_cIT-MiSPE
041 _aFRANCESE
100 _aJean-Marie Roger Tillard
245 0 _aÉglise d'Églises
_bL'ecclésiologie de communion
250 _a1a ed. (v)
260 _aParis
_bCerf
_c1987
300 _a415 p.
_c22 cm
490 _aThéologie et sciences religieuses: Cogitatio Fidei
_v143
501 _aEdizioni San Paolo srl - Piazza Soncino, 5 - 20092 CINISELLO BALSAMO (MI) (non commercial uses only) ® Copyright 2018
942 _cBK
957 _71
999 _a2616
_bNO
_g Copie: 1
_c344645
_d344645